MARC

LEADER 00000nab a2200000 a 4500
001 vtls000016363
003 SK-MaSNL
005 20260303222100.0
008 150430c1978 xo 0 slo
015 |a SNBRB19rr/mm-uuuuu 
035 |a CL0026457 
040 |a SNKBUCL  |b slo  |c SNKBUCL  |e AACR2 
041 0 |a slo 
044 |a xo  |c SK 
080 |a 885.4-1  |2 1981 
100 1 |a Škamla, Ján,  |d 1930-1997  |4 aut  |9 106972 
245 1 0 |a Príhovor k Nadežde Krupskej  |c Ján Škamla 
600 1 7 |a Krupskaja, Nadežda Konstantinovna,  |d 1869-1939  |2 SNKMA  |9 108643 
655 7 |a slovenská poézia  |2 snkbucl  |9 70444 
655 7 |a články z odboru literárna veda a krásna literatúra  |2 snkbucl  |9 770045 
655 7 |a dedikačná poézia  |2 snkbucl  |9 240053 
655 7 |a články z novín a časopisov  |2 snkbucl  |9 267496 
773 0 |t Nové slovo  |g Roč. 20, č. 44 (1978), s. 16 
850 |a Slovenská národná knižnica v Martine  |a MTA001 
852 |a SNK  |b KIS3GCP 
958 |a RK 
958 |a LX 
958 |a SK 
992 |a RBX 
999 |c 2238087  |d 2240017